00445nam a2200157Ia 4500003000900000008004100009020001800050040001600068080001800084110002000102245008300122260003700205300001000242650001900252650001600271IN-BaIIA211028s9999 xx 000 0 eng d a0-8094-4400-3 cIIA Library a03:77.01bTLB aTime Life Books 0aSpecial ProblemscTime-Life Books  aHong KongbTime-Life Booksc1981 a216p. aNASA Thesaurus aPhotography